000 00529nam a2200181 i 4500
001 45962
003 ES-MaACL
005 20230906161315.0
007 t|
008 030327s1970 sp ||||1| spa d
100 1 _aCondon, Richard.
_940149
245 1 3 _aLa dictadura del crimen /
_cRichart Condon ; [traducción Jaime Piñeiro González].
250 _a1ª ed.
260 _aBarcelona, etc. :
_bBruguera,
_c[1970]
300 _a336 p. ;
_c22 cm.
700 1 _aPiñeiro, Jaime.
_992259
852 _aES-MaACL
_jC-38901
_bR.74266
999 _c45962
_d45962